| 000 | 01594nam a2200361 i 4500 | ||
|---|---|---|---|
| 001 | 180988 | ||
| 003 | ES-MaACL | ||
| 005 | 20250801143435.0 | ||
| 008 | 120928s2010 sp a |||| | spa d | ||
| 020 | _a978-84-8472-490-2 | ||
| 080 | _a821.134.2.09"19" | ||
| 080 | _a94(460)"1931/39" | ||
| 100 | 1 |
_aAznar Soler, Manuel. _924318 |
|
| 245 | 1 | 0 |
_aRepública literaria y revolución _b(1920-1939) / _cManuel Aznar Soler ; prólogo de José-Carlos Mainer. |
| 260 |
_aSevilla : _bRenacimiento, _c2010. |
||
| 300 |
_a2 v. (998 p.) : _bil. ; _c21 cm. |
||
| 490 | 1 |
_aIluminaciones ; _v64 |
|
| 500 | _aApéndice: v. 2. Epistolario sobre el Segundo Congreso Internacional de Escritores para la Defensa de la Cultura. | ||
| 500 | _aÍndice: v. 1, v. 2. | ||
| 500 | _aÍndice onomástico: v. 2. | ||
| 504 | _aBibliografía: v. 2, p. 945-980. | ||
| 505 | 8 |
_aContiene: v. 1: ; _tLas vanguardias literarias (1920-1931) ; _g v. 2: _tVanguardias literarias y Segunda República (1931-1936) - _tLiteratura, guerra y revolución (1936-1939) |
|
| 650 | 7 |
_aLiteratura española- _yS.XX- _xHistoria y crítica. _9141686 |
|
| 650 | 7 |
_aLiteratura y política _2embne _914675 |
|
| 651 | 7 |
_aEspaña- _xHistoria- _y1931-1939, II República. _98283 |
|
| 700 | 1 |
_aMainer, José-Carlos, _d1944- _975599 |
|
| 830 | 0 | 0 |
_aIluminaciones _v64 _9185775 |
| 852 |
_aES-MaACL _9187869 _bR.147182 _jA-12210 _dOlim: N-5215 _pv.1 _cDEPO1 |
||
| 852 |
_aES-MaACL _9 200577 _bR.147182 _jA-12211 _dOlim: 5216 _pv.2 _cDEPO1 |
||
| 942 |
_2udc _cMONOGRAFIA |
||
| 999 |
_c180988 _d180988 |
||